=LDR 00000nam 2200000 4500 =001 INLIS000000000053214 =005 20180424092557 =035 ##$$a 0010-0418000105 =007 ta =008 180424###########################0###### =082 ##$$a 930.1 =084 ##$$a 930.1 AGU j =100 #$$a Agus Munandar =245 1#$$a Jejak arkeologi di wilayah pembatasan utara kalimantan /$c Agus Munandar =250 ##$$a Cet. 1 =260 ##$$a Kalimantan :$b Balai Arkeologi,$c 2014 =300 ##$$a 274 hlm : $b Ilus ; $c 20 cm =650 ##$$a Arkeologi =504 ##$$a Bibliografi : hlm. 259-262 =990 ##$$a 72147214 =990 ##$$a 51800054